000 01044nam a22003137a 4500
003 CHAP
005 20220329133014.0
008 971013s1988 r 00010 d
010 _a1189
011 _a2161
035 _a1352
040 _cCHAP
082 _a338.1
_bS8
100 0 0 _aStevens, Robert Dale.
_9109731
245 _aAgricultural development principles
_b: economic theory and empirical evidence
260 _aBaltimore :
_bJohns Hopkins University,
_c1988
300 _a478 p.
_b; gráfs.
500 _a40-188
590 _aBATCH-UPD
_b10
_c20130110
_lUCH01
_h0017
590 _aBATCH-UPD
_b10
_c20130110
_lUCH01
_h2136
590 _aBATCH-UPD
_b10
_c20130409
_lUCH01
_h1955
590 _aBATCH-UPD
_b10
_c20130913
_lUCH01
_h2018
590 _aCONVERSION
_b10
_c20130109
_lUCH01
_h1302
650 1 4 _aAgricultura
_xAspectos económicos
_xPaíses subdesarrollados.
_91281
700 0 _aJabara, Cathy L.
_960777
901 _aBK
942 _cLIBRO
949 _a338.1 S8
_bBC
_cLIBRO
_d33724000346334
_eLIBRO
_gI. 151311
_h77894
_i1352
_si
_t133.40
999 _c1189
_d1189